000 00584nam a22001937a 4500
005 20140314120021.0
010 _aENG-109419
020 _a9788183164535
_c195.00
035 _aEN-92952
037 _bDBAD/PUB
082 _a574.0712
100 _aAmeeta,P.
245 _aMethods of teaching biological science /
_cby P. Ameeta
260 _aHyderabad
_bNeelkamal Publications
_c2013
270 _aSultan Bazar
_bHyderabad
_e500095
300 _axi,384p.
_c22cm(pbk)
500 _aIncludes bibliographical references and index
942 _2ddc
_cEN
_mAME
_h574.0712
999 _c82779
_d82779